Mechanics of materials (Record no. 3297)

000 -LEADER
fixed length control field 00538nam a2200217 i 4500
001 - CONTROL NUMBER
control field 3297
003 - CONTROL NUMBER IDENTIFIER
control field BD-DhUET
008 - FIXED-LENGTH DATA ELEMENTS--GENERAL INFORMATION
fixed length control field 800828s1981 nyua 001 0 eng
020 ## - INTERNATIONAL STANDARD BOOK NUMBER
International Standard Book Number 0070661782
020 ## - INTERNATIONAL STANDARD BOOK NUMBER
International Standard Book Number 0070042845
040 ## - CATALOGING SOURCE
Original cataloging agency DLC
Transcribing agency DLC
Modifying agency BD-DhUET
082 00 - DEWEY DECIMAL CLASSIFICATION NUMBER
Classification number 620.11
Item number BEE/1981
100 ## - MAIN ENTRY--PERSONAL NAME
Personal name Beer, Ferdinand P.
245 10 - TITLE STATEMENT
Title Mechanics of materials
250 ## - EDITION STATEMENT
Edition statement 1st ed.
260 ## - PUBLICATION, DISTRIBUTION, ETC. (IMPRINT)
Place of publication, distribution, etc. Auckland
Name of publisher, distributor, etc. McGraw-Hill
Date of publication, distribution, etc. 1981
300 ## - PHYSICAL DESCRIPTION
Extent xv, 616 p.
Other physical details il
650 #0 - SUBJECT ADDED ENTRY--TOPICAL TERM
Topical term or geographic name as entry element Strength of materials
700 1# - ADDED ENTRY--PERSONAL NAME
Personal name Johnston, E. Russell
942 ## - ADDED ENTRY ELEMENTS (KOHA)
Koha item type General Book
Holdings
Koha issues (times borrowed) Shelving location Koha full call number Source of classification or shelving scheme Damaged status Not for loan Koha item type Date acquired Koha date last borrowed Koha renewals Koha normalized classification for sorting Withdrawn status Copy number Piece designation (barcode) Location (home branch) Price effective from Lost status Sublocation or collection (holding branch) Koha date last seen
3Circulation section620.11/BEE/1981   General Book2014-10-252025-04-29 620_110000000000000_BEE_1981 159574Central Library, BUET2014-10-25 Central Library, BUET2025-05-13
5Circulation section620.11/BEE/1981   General Book2015-01-192021-12-12 620_110000000000000_BEE_1981 286676Central Library, BUET2015-01-19 Central Library, BUET2025-04-22
1Circulation section620.11/BEE/1981   General Book2015-04-192018-05-13 620_110000000000000_BEE_1981 359568Central Library, BUET2015-04-19 Central Library, BUET2018-05-19
 Circulation section620.11/BEE/1981   General Book2015-04-19  620_110000000000000_BEE_1981 559565Central Library, BUET2015-04-19 Central Library, BUET2015-04-19
 Reading section620.11/BEE/1981   General Book2015-06-16  620_110000000000000_BEE_1981 684611Central Library, BUET2015-06-16 Central Library, BUET2015-06-16
 Reading section620.11 BEE/1981   Rental Item2015-07-06  620_110000000000000_BEE_1981 759560Central Library, BUET2015-07-06 Central Library, BUET2015-07-06